000
00300 a2200133 4500
000
nam a22 7a 4500
100
_a
Lyra Moon
110
_a
Lyra Moon
245
_a
Advanced Cell Biology
250
_a
latest edition
260
_b
BRILLIANCE
_c
2026
264
_b
BRILLIANCE
_c
2026
942
_c
BK
999
_c
394055
_d
394055